Movies Quiz

Random Movies or Actress Quiz

Who's Offscreen? Quiz Stats

Quiz Updated May 27, 2016

Score 0/20 Timer 07:00
0 Plays Today
% Correct
Tom Hanks (Cast Away)
94%
Johnny Depp (Pirates of the Caribbean: At World's End)
85.6%
Sandra Bullock (Gravity)
83.7%
Morgan Freeman (The Shawshank Redemption)
83.6%
Kate Winslet (Titanic)
81.3%
Tommy Lee Jones (Men in Black)
77.7%
Julie Andrews (Mary Poppins)
76.8%
Robert Downey Jr. (Sherlock Holmes)
68%
Drew Barrymore (E.T. the Extra-Terrestrial)
66.9%
Humphrey Bogart (Casablanca)
66.3%
% Correct
Kathy Bates (Misery)
63.3%
Gregory Peck (To Kill a Mockingbird)
35.2%
Kareem Abdul-Jabbar (Airplane!)
34.5%
Tilda Swinton (The Chronicles of Narnia: The Lion, the Witch and the Wardrobe)
32.4%
Colin Firth (Kingsman: The Secret Service)
31.3%
Bing Crosby (White Christmas)
29.8%
James Earl Jones (Field of Dreams)
29.5%
George Carlin (Bill & Ted's Excellent Adventure)
28.4%
Carrie Fisher (The Blues Brothers)
19%
Samuel L. Jackson (Die Hard: With a Vengeance)
17.3%

You're not logged in!

Compare scores with friends on all Sporcle quizzes.
Sign Up with Email
OR
Log In

You Might Also Like...

Show Comments

Extras

Top Quizzes Today


Score Distribution

Your Account Isn't Verified!

In order to create a playlist on Sporcle, you need to verify the email address you used during registration. Go to your Sporcle Settings to finish the process.

Report this User

Report this user for behavior that violates our Community Guidelines.

Details: